Culture Générale - Série 1252 - Statistiques

Statistiques générales
  • Ce quiz a été pris 111 fois
  • Le résultat moyen est 6 sur 10
Statistiques - réponses
Question Réponse % Correct
Comment appelle-t-on un habitant de la principauté de Monaco ? Monégasque
97%
Dans quelle ville les rois de France étaient-ils sacrés ? Reims
96%
Quelle branche de la médecine chinoise porte un nom pouvant se traduire par "piqûre d'aiguille" ? acupuncture
81%
Comment se nomme l'os situé du côté interne de l'avant-bras ? cubitus
80%
Combien d'années a duré la guerre de 100 ans ? 116
66%
Quelle ville Charlemagne avait-il choisi comme capitale ? Aix la Chapelle
57%
Sous quel autre nom connait-on mieux le stade "Armand Cesari", où évoluent les footballeurs du SC Bastia ? stade de Furiani
45%
Quelle année est associée au mot "Cosmos", dans le titre d'une série TV britannique des années 1970 ? 1999
34%
Qui était la mère de Louis IX ou Saint-Louis ? Blanche de Castille
31%
Quel est le prénom de la princesse grecque qui a épousé Juan Carlos en 1962 ? Sofia
26%
Aucun quiz correspondant
Distribution des résultats
% des personnes avec chaque résultat
Percentile par nombre de réponses
Votre historique - résultats
Vous n’avez pas pris ce quiz